000
00312nam a2200121Ia 4500
008
190216s9999||||xx |||||||||||||| ||und||
100
_a
Barry Barnett E &wilson C L
245
0
_a
Inorganic Chemistry
260
_b
The English Language Book Society
_c
1962
300
_a
599p
650
_a
Chemistry
942
_c
BK
999
_c
1974
_d
1974